000 00400pab a2200169 454500
008 180718b2010 xxu||||| |||| 00| 0 eng d
100 _aSharma, Ekta
245 _aEntrepreneurial drive among Indian women: An empirical study
260 _c2010
300 _ap.47-58.
362 _aOct-Dec
650 _aWomen - India
650 _aWomen
773 _aAbhigyan
908 _aN
909 _a90455
999 _c90455
_d90455